000 00428nam a2200145 i 4500
001 37057
003 ES-MaACL
007 t|
008 030220s1931 fr ||||1| fre d
100 1 _aBruhat, Georges.
_932109
245 1 0 _aCours d'optique a l'usage de l'enseignement superieur /
_cGeorges Bruhat.
260 _aParĂ­s :
_b[s.n.,
_c1931] (
_eTours :
_fP. Deslis)
300 _aX, 456 p. ;
_c24 cm.
852 _aES-MaACL
_jE-1690
999 _c37057
_d37057